Per il 70. compleanno di Pierpaolo Zamorani: scritti offerti dagli amici e dai colleghi di facolta
Furkejuvvon:
| Váldodahkkit: | , , |
|---|---|
| Materiálatiipa: | Girji |
| Giella: | itáliagiella |
| Almmustuhtton: |
Milán
Giuffré
2009
|
| Ráidu: | Pubblicazioni della Facolta Giuridica dell Universita di Ferrara, Serie seconda, 55
|
| Fáttát: | |
| Fáddágilkorat: |
Lasit fáddágilkoriid
Eai fáddágilkorat, Lasit vuosttaš fáddágilkora!
|
MARC
| LEADER | 00000nam a2200000 a 4500 | ||
|---|---|---|---|
| 001 | UCH9399 | ||
| 003 | CL-VaPUC | ||
| 008 | 100107e20090000IT |||||||||||||||||ita|d | ||
| 020 | |a 9788814146276 | ||
| 082 | 0 | 4 | |a 340.54 |b DES |2 21 |
| 100 | 0 | |a Desanti, Lucetta |e author |9 546456 | |
| 700 | 0 | |a Ferretti, Paolo |e author |9 546457 | |
| 700 | 0 | |a Manfredini, Arrigo D |e author |9 546458 | |
| 245 | 1 | 0 | |a Per il 70. compleanno di Pierpaolo Zamorani: scritti offerti dagli amici e dai colleghi di facolta |
| 300 | |a 468 p | ||
| 942 | |c BK | ||
| 945 | |d 20100107 00:00:00 |a rbrito | ||
| 260 | |a Milán |b Giuffré |c 2009 | ||
| 650 | 0 | |a Derecho romano |9 255930 | |
| 583 | |a last modification |c 20100107 00:00:00 |k Rodrigo Vera | ||
| 490 | 0 | |a Pubblicazioni della Facolta Giuridica dell Universita di Ferrara, Serie seconda, 55 | |
| 999 | |c 339384 |d 339382 | ||
| 952 | |0 0 |1 0 |4 0 |6 340_540000000000000_DES_2009 |7 0 |8 DER_ROM |9 433018 |a BIBDER |b BIBDER |d 2019-11-22 |i 463201K |o 340.54 DES 2009 |p 463201K |r 2023-01-25 |w 2019-11-22 |x Ubicación 4to piso |y BK |z Este recurso debe solicitarse con anticipación |k DER | ||